banner-ar

STRATEGIC POSITIONING IN THE OIL INDUSTRY TRENDS AND OPTIONS / (Record no. 18473)

MARC details
000 -الفاتح
حقل البيانات ثابتة الطول 00521nam a2200169Ia 4500
008 - عناصر البيانات ثابتة الطول - معلومات عامة
حقل البيانات ثابتة الطول 140319s9999 xx 000 0 eng d
040 ## - مصدر الفهرسة
وكالة الفهرسة الأصلية GCL /
وكالة النسخ GCL
082 04 - رقم تصنيف ديوى العشرى
رقم التصنيف 338.2788
رقم المادة S S
100 1# - المدخل الرئيسى - إسم شخصى
الإسم الشخصى STEVENS, PAUL
245 10 - بيان العنوان
العنوان STRATEGIC POSITIONING IN THE OIL INDUSTRY TRENDS AND OPTIONS /
بيان المسئوليه,etc STEVENS, PAUL
260 ## - PUBLICATION, DISTRIBUTION, ETC. (IMPRINT)
تاريخ النشر أو التوزيع 1998
300 ## - الوصف المادى
التعداد 146 P
650 04 - المدخل الاضافى بالموضوع-مصطلح موضوعى
مصطلح موضوعي OIL INDUSTRY
650 04 - المدخل الاضافى بالموضوع-مصطلح موضوعى
مصطلح موضوعي PETROLEUM - INDUSTRY
942 ## - عناصر المدخل الإضافي( كوها)
مصدر التصنيف او مخطط الترفيف Dewey Decimal Classification
Koha [default] item type كتاب
260 ## - PUBLICATION, DISTRIBUTION, ETC. (IMPRINT)
-- الامارات :
-- THE EMIRATES CENTER FOR STRATEGIC STUDIES AND RESEARCH ،
Holdings
حالة التراجع حالة الفقد حالة تلف ليس للاعارة المكان المؤقت الموقع الحالى تاريخ الاكتساب اجمالي اﻻعارات رقم الطلب الباركود تاريخ اخر مشاهدة تاريخ تفعيل السعر نوع وعاء كوها
        مكتبة القاهرة الكبرى مكتبة القاهرة الكبرى 03/26/2014   338.2788\S S 35396 03/26/2014 03/26/2014 كتاب
        مكتبة القاهرة الكبرى مكتبة القاهرة الكبرى 03/26/2014   338.2788\S S 35397 03/26/2014 03/26/2014 كتاب

Powered By

EGPV